00325nam a22001337a 4500003000400000008004100004020001800045082001200063100001600075245005100091250001100142260003000153300000800183OSt240102b |||||||| |||| 00| 0 eng d a9789350147467 a174 SOU aSORYAN,Ritu aUniversal Human Values and Professional Ethics a1st Ed aNew DelhibKatsonsc 2022 a300